Представление документа в формате MARC21

Поле Инд. ПП Название Значение
Тип записи a
Библиографический уровень b
001 Контрольный номер UNIDUBNA579b1f01e9754818939c9597ac482815
005 Дата корректировки 20241107173029.3
008 Кодируемые данные 20170331
040 b Код языка каталог. rus
e Правила каталог. PSBO
041 0_ a Код языка текста rus
084 a Индекс другой классификации/Индекс ББК 60.953.7; 88.945
100 1_ a Автор Гапонюк А. П.
100 1_ a Автор Шамарина И. Р.
245 10 a Заглавие Изотерапия для поддержания психологического здоровья граждан пожилого возраста и инвалидов в условиях психоневрологического интерната
504 a Библиография Лит. в конце статьи
520 0_ a Аннотация Изотерапия - психологическая техника, благодаря которой можно гармонизировать внутреннее психоэмоциональное состояние и в большинстве случаев полностью нивелировать невротические и психические состояния и патологии, устранить негативные последствия психотравмирующих событий. В статье представлены различные техники и методики проведения индивидуальных и групповых занятий изотерапией.
650 14 a Основная рубрика практическая психология (прикладная психология)
a Основная рубрика психология
a Основная рубрика психотерапия
a Основная рубрика социальная работа
653 0_ a Ключевые слова арт-терапия
a Ключевые слова досуг
a Ключевые слова защита от стресса
a Ключевые слова изотерапия
a Ключевые слова инвалиды
a Ключевые слова коммуникации
a Ключевые слова ограниченные возможности здоровья
a Ключевые слова пожилые люди
a Ключевые слова проективные методики
a Ключевые слова психологическое здоровье
a Ключевые слова психоневрологические интернаты
a Ключевые слова психосоциальная поддержка
a Ключевые слова психотерапевтические методы
a Ключевые слова психоэмоциональные нарушения
a Ключевые слова реабилитационные центры
a Ключевые слова Россия
a Ключевые слова социальная адаптация
a Ключевые слова социальная защита
a Ключевые слова физическое здоровье
a Ключевые слова центры социального обслуживания
773 08 t Заглавие источника Работник социальной службы
d Дата издания источника 2022
g Прочая информация № 4. - С. 72 - 78
w Контрольный № источника UNIDUBNAacb01dadd13649c3845f6882e49ff180
901 t Тип документа b